Caminos rurales proyectos y construcción

Bibliographic Details
Main Author: Dal-Ré, Rafael
Format: Section = Libro
Language:Undetermined
Spanish
Published: España Mundi Prensa 2001
Edition:3a.ed.
Subjects:
LEADER 00616nam a2200229Ia 4500
008 240829s9999 xx 000 0 und d
020 |a 84-7114-999-0 
040 |a BIBLIOTECA-RUPAP 625.7 D151 
041 |a spa 
082 |a 625.7 D151 
100 1 |a Dal-Ré, Rafael 
245 1 0 |a Caminos rurales proyectos y construcción 
250 |a 3a.ed. 
260 |a España  |b Mundi Prensa  |c 2001 
300 |a 224 p. :il. 
650 7 |a CAMINOS - RURALES - CLASIFICACION 
650 7 |b  GRANULOMETRIA 
650 7 |c  GEOTECNIA 
650 7 |d  ESTABILIZACION DE SUELOS. I. Tít. 
942 |c BK  |2 ddc 
991 |a TEXTO 
999 |c 9493